000 00468nam a2200181Ia 4500
008 090124s9999 xx 000 0 und d
082 _b121813
100 _aआठल्ये अनिल.
245 _a यशश्री
250 _a1
260 _c1986
300 _a182
600 _aआठल्ये अनिल.
630 _a यशश्री
700 _aआठल्ये अनिल.
730 _a यशश्री
942 _cBOOK
999 _c167899
_d167899